Nuevos parques nacionales : (Registro nro. 17607)
[ vista simple ]
| 000 -CABECERA | |
|---|---|
| Campo de control | 01416cam a2200373 a 4500 |
| 005 - FECHA Y HORA DE LA ULTIMA TRANSACCION | |
| Campo de control | 20191224042216.0 |
| 008 - ELEMENTOS DE LONGITUD FIJA—INFORMACION GENERAL | |
| Campo de control | 150723s1990 ck ab r a00010 spa d |
| 020 ## - ISBN | |
| ISBN | 9089129145 |
| 040 ## - FUENTE DE CATALOGACIÓN | |
| Agencia catalogadora original | CO-BOIAvH |
| Agencia transcriptora | CO-BOIAvH |
| Agencia Modificadora | CO-BOIAvH |
| 041 0# - IDIOMA | |
| Código de idioma para texto/pista de sonido o título separado | Español |
| 044 ## - PAÍS DE PUBLICACIÓN | |
| País de publicación | Colombia |
| 082 04 - NUMERO DE CLASIFICACION DECIMAL DEWEY | |
| Número de clasificación | 333.72 |
| Número del ítem | I38n |
| 110 2# - ASIENTO PRINCIPAL--NOMBRE CORPORATIVO | |
| Nombre corporativo o de jurisdicción como elemento de entrada | Instituto Nacional de Recursos Naturales Renovables y del Medio Ambiente - Inderena |
| 9 (RLIN) | 36010 |
| 245 10 - MENCION DE TITULO | |
| Título | Nuevos parques nacionales : |
| Parte restante del título | Colombia. |
| 246 ## - FORMA VARIANTE DEL TITULO | |
| Título propiamente dicho/forma breve del título | Nuevos parques nacionales |
| 250 ## - MENCION DE EDICION | |
| Mención de edición | Primera edición. |
| 260 ## - PUBLICACION, DISTRIBUCION, ETC. (PIE DE IMPRENTA) | |
| Lugar de publicación, distribución, etc. | Bogotá : |
| Nombre del editor, distribuidor, etc. | Inderena, |
| Fecha de publicación, distribución, etc. | 1990. |
| 300 ## - DESCRIPCION FISICA | |
| Extensión | 211 p. : |
| Otros detalles físicos | ilustraciones a color, mapas ; |
| Dimensiones | 32 cm. |
| 500 ## - NOTA GENERAL | |
| Nota general | Incluye glosario. |
| 504 ## - NOTA DE BIBLIOGRAFIA, ETC. | |
| Nota de bibliografía | Incluye referencias bibliográficas. |
| 590 ## - NOTA LOCAL | |
| Nota local | Material de reserva |
| 650 26 - ASIENTO SECUNDARIO DE MATERIA - TERMINO TEMATICO | |
| Término temático o nombre geográfico como elemento de entrada | Recursos naturales |
| Subdivisión geográfica | Colombia. |
| 9 (RLIN) | 36032 |
| 650 26 - ASIENTO SECUNDARIO DE MATERIA - TERMINO TEMATICO | |
| Término temático o nombre geográfico como elemento de entrada | Parques nacionales |
| Subdivisión geográfica | |
| Subdivisión de forma | conservación de los recursos naturales |
| Subdivisión cronológica | Colombia |
| 9 (RLIN) | 36033 |
| 650 26 - ASIENTO SECUNDARIO DE MATERIA - TERMINO TEMATICO | |
| Término temático o nombre geográfico como elemento de entrada | Áreas protegidas |
| Subdivisión geográfica | Colombia |
| 9 (RLIN) | 36034 |
| 650 26 - ASIENTO SECUNDARIO DE MATERIA - TERMINO TEMATICO | |
| Término temático o nombre geográfico como elemento de entrada | Parques nacionales |
| Subdivisión geográfica | Colombia. |
| 9 (RLIN) | 36035 |
| 700 1# - ASIENTO SECUNDARIO - NOMBRE PERSONAL | |
| Nombre personal | Sánchez Páez, Heliodoro |
| 9 (RLIN) | 6970 |
| 700 1# - ASIENTO SECUNDARIO - NOMBRE PERSONAL | |
| Nombre personal | Hernández Camacho, Jorge Ignacio |
| 9 (RLIN) | 3657 |
| 700 1# - ASIENTO SECUNDARIO - NOMBRE PERSONAL | |
| Nombre personal | Rodríguez Mahecha, José Vicente |
| 9 (RLIN) | 4290 |
| 700 1# - ASIENTO SECUNDARIO - NOMBRE PERSONAL | |
| Nombre personal | Castaño Uribe, Carlos |
| 9 (RLIN) | 92213 |
| 700 1# - ASIENTO SECUNDARIO - NOMBRE PERSONAL | |
| Nombre personal | Nieto Díaz, Margarita |
| Término de relación | ilustradora |
| 9 (RLIN) | 20240 |
| 700 1# - ASIENTO SECUNDARIO - NOMBRE PERSONAL | |
| Nombre personal | Echeverry, Hollman |
| Término de relación | ilustrador |
| 9 (RLIN) | 36016 |
| 700 1# - ASIENTO SECUNDARIO - NOMBRE PERSONAL | |
| Nombre personal | Landazábal M., César, |
| Término de relación | ilustrador |
| 9 (RLIN) | 36017 |
| 942 ## - ELEMENTOS ADICIONALES (KOHA) | |
| Sistema de clasificación | Dewey Decimal Classification |
| Tipo de ítem | Libro |
| Withdrawn status | Lost status | Sistema de Clasificación | Damaged status | No para préstamo | Colección | Inventariado | Ubicación Permanente | Ubicación actual | Fecha de adquisición | Total Checkouts | Número topográfico | Inventario / Código de Barras | Date last seen | Ejemplar | Price effective from | Forma de adquisición | Tipo de material |
|---|---|---|---|---|---|---|---|---|---|---|---|---|---|---|---|---|---|
| Dewey Decimal Classification | No para Préstamo | General | Inventariado 2018 | Bogotá | Bogotá | 17/11/2018 | LB-333.72 I38n | 042110 | 17/11/2018 | Ej. 1 | 17/11/2018 | Institucional | Libro |